Welcome to Marium Abdulla Library

Embrace knowledge with a breath of fresh air.

Browse Collection

Marium Abdulla Library

Resemble Reassemble: (Record no. 9749)

MARC details
000 -LEADER
fixed length control field 03856cam a2200445 i 4500
001 - CONTROL NUMBER
control field 9914
003 - CONTROL NUMBER IDENTIFIER
control field OSt
005 - DATE AND TIME OF LATEST TRANSACTION
control field 20260410131004.0
008 - FIXED-LENGTH DATA ELEMENTS--GENERAL INFORMATION
fixed length control field 110310s2010 ii a c 000 0 eng d
010 ## - LIBRARY OF CONGRESS CONTROL NUMBER
LC control number 2023345893
025 ## - OVERSEAS ACQUISITION NUMBER
Overseas acquisition number I-E-2023345893
035 ## - SYSTEM CONTROL NUMBER
System control number 23298360
035 ## - SYSTEM CONTROL NUMBER
System control number (OCoLC)727106953
037 ## - SOURCE OF ACQUISITION
Source of stock number/acquisition Library of Congress -- New Delhi Overseas Office
040 ## - CATALOGING SOURCE
Original cataloging agency UK-LoTGL
Language of cataloging eng
Description conventions rda
Transcribing agency UKTTE
Modifying agency SMI
-- OCLCF
-- OCLCO
-- OCLCQ
-- OCL
-- OCLCO
-- CAM
-- DLC
042 ## - AUTHENTICATION CODE
Authentication code lccopycat
-- lcode
043 ## - GEOGRAPHIC AREA CODE
Geographic area code a-pk---
050 00 - LIBRARY OF CONGRESS CALL NUMBER
Classification number N7310.7
Item number .R36 2010
082 ## - DEWEY DECIMAL CLASSIFICATION NUMBER
Edition information 23
Classification number 709.04 RAN
Item number 9914
100 1# - MAIN ENTRY--PERSONAL NAME
Personal name Rana, Rashid
Dates associated with a name 1968-
245 10 - TITLE STATEMENT
Title Resemble Reassemble:
Statement of responsibility, etc. curated by Rashid Rana ; assistant curator, Reha Sodhi ; editor, Rimli Borooah, John Xaviers, Reha Sodhi and Jaya Neupaney.
264 #1 - PRODUCTION, PUBLICATION, DISTRIBUTION, MANUFACTURE, AND COPYRIGHT NOTICE
Place of production, publication, distribution, manufacture New Delhi :
Name of producer, publisher, distributor, manufacturer Devi Art Foundation,
Date of production, publication, distribution, manufacture, or copyright notice 2010.
300 ## - PHYSICAL DESCRIPTION
Extent 105 pages :
Other physical details color illustrations ;
Dimensions 27 cm
336 ## - CONTENT TYPE
Content type term still image
Content type code sti
Source rdacontent
336 ## - CONTENT TYPE
Content type term text
Content type code txt
Source rdacontent
337 ## - MEDIA TYPE
Media type term unmediated
Media type code n
Source rdamedia
338 ## - CARRIER TYPE
Carrier type term volume
Carrier type code nc
Source rdacarrier
500 ## - GENERAL NOTE
General note Catalogue of an exhibition held at Devi Art Foundation (New Delhi), Jan.17-May 10, 2010.
500 ## - GENERAL NOTE
General note The word "Resemble" appears as mirror image in title statement.
520 ## - SUMMARY, ETC.
Summary, etc. Resemble Reassemble was curated by Rashid Rana, which brought together the works of 45 Pakistani contemporary artists chosen from Lekha and Anupam Poddar Collection of Pakistani contemporary art. The exhibition ran between January 17th to May 10th 2010. At present, the term 'Contemporary Art in Pakistan' covers an extremely broad and diverse spectrum. In the early years of independent Pakistan, colonial influences fused with the inevitable post-colonial quest for regional identity to produce a very distinct traditionalism. However, the last several years have seen the emergence of yet another kind of art, which is in touch with international artistic currents, less focused on parochial issues of genre and identity and more geared towards the understanding and mindsets of today's more globalised audiences. Artists from two very distant places today can arrive at similar visual solutions or styles but from very different trajectories; the content lies beneath the surface of the work. If we fail to address this international culture and look only to 'difference' and 'identities', we ignore much of what makes our age unique. The exhibition explores how the artworks can also be viewed outside the context of particular identities and how the resemblances in the works when juxtaposed and reassembled, produce meanings which are universally true in 'visual thinking'. This exhibition includes works by Abdullah M.I. Syed, Adeela Suleman, Ahsan Jamal, Aisha Khalid, Ali Raza, Amber Hammad, Anwar Saeed, Asma Mundrawala, Attiya Shaukat, Ayaz Jokhio, Ayesha Zulfiqar, Bani Abidi, Ehsan ul Haq, Fahd Burki, Farida Batool, Ferwa Ibrahim, Hamra Abbas, Huma Mulji, Huria Khan, Imran Ahmad Khan, Imran Mudassar, Imran Qureshi, Iqra Tanveer, Ismet Khawaja, Jamil Baloch, Mariam Ibraaz, Masooma Syed, Mahbub Shah, Mehr Javed, Mehreen Murtaza, Mahreen Asif Zuberi, Mohammad Ali Talpur, Muhammad Zeeshan, Naiza H Khan, Nazia Malik, Noor Ali Chagani, Nusra Latif Qureshi, Rabbya Nasser, Raju G.C., Risham Syed, Roohi Ahmed, Saira Wasim, Sajjad Ahmed, Shalalae Jamil, and Unum Babar
650 #0 - SUBJECT ADDED ENTRY--TOPICAL TERM
Topical term or geographic name entry element Art, Pakistani
Chronological subdivision 21st century
Form subdivision Exhibitions.
650 #0 - SUBJECT ADDED ENTRY--TOPICAL TERM
Topical term or geographic name entry element Contemporary art
Form subdivision Age of IT
650 #0 - SUBJECT ADDED ENTRY--TOPICAL TERM
Topical term or geographic name entry element Canvas collection
Form subdivision Biographies
700 1# - ADDED ENTRY--PERSONAL NAME
Personal name Singh, Kavita,
Relator term editor.
710 2# - ADDED ENTRY--CORPORATE NAME
Corporate name or jurisdiction name as entry element Devi Art Foundation,
Relator term publisher,
-- host instiution,
-- copyright holder.
906 ## - LOCAL DATA ELEMENT F, LDF (RLIN)
a 7
b cbc
c copycat
d 3
e ncip
f 20
g y-gencatlg
942 ## - ADDED ENTRY ELEMENTS (KOHA)
Source of classification or shelving scheme Dewey Decimal Classification
Koha item type Book
Suppress in OPAC No
Holdings
Date last seen Total checkouts Full call number Barcode Price effective from Koha item type Lost status Source of classification or shelving scheme Damaged status Not for loan Collection Withdrawn status Home library Current library Shelving location Date acquired Source of acquisition Cost, normal purchase price
10/26/2021   709.04 RAN 9914 10/26/2021 Book   Dewey Decimal Classification     Fine Arts   Marium Abdulla Library Marium Abdulla Library Non-Ref 02/02/2011 Adeela Suleman 2500.00